000 00652nam a2200193Ia 4500
005 20250326141018.0
008 250326s9999 xx 000 0 und d
037 _aTextbook
040 _aFMSL
_beng
_cFMSL
041 _aeng
_2eng
084 _aT(X:8) P0.2;1
_qFMSL
100 _aLynton Rolf P
245 0 _aTraining for organizational transformation: pt.2, For trainers, consultants and principles
_cLynton Rolf P; Pareek Udai
260 _aNew Delhi
_bNew Delhi, Sage publications
_c2000
300 _a414p
490 _vPart-2: For trainers, consultants and principals
942 _cTB
_hT(X:8) P0.2;1
999 _c1288291
_d1288291